| 000 | 00537nam a22001817a 4500 | ||
|---|---|---|---|
| 005 | 20251108164136.0 | ||
| 008 | 250721s1998 xx 000 0 ara d | ||
| 082 | 1 | 4 | _a953/جوز |
| 100 | 1 | _aإبن قيم الجوزي، أبو الفرج عبد الرحمن بن علي | |
| 245 | 1 | 0 | _aمناقب بغداد / |
| 264 | 1 |
_aالقاهرة : _bدار غريب، _c1998. |
|
| 300 | _a77ص | ||
| 650 | 1 | 7 | _aتاريخ العراق |
| 650 | 1 | 7 | _aبغداد |
| 700 | 1 |
_aعزب، محمد _eتقديم |
|
| 942 |
_2ddc _cBK |
||
| 999 |
_c4698 _d4698 |
||